Top 20 Cities by Population #1! - Statistics

General Stats
  • This quiz has been taken 924 times
    882 since last reset
  • The average score is 55 of 100
Answer Stats
Answer % Correct
London
99%
Madrid
97%
Barcelona
96%
Manchester
96%
Rome
96%
Berlin
95%
Liverpool
95%
Birmingham
94%
Glasgow
94%
Milan
94%
Naples
94%
Edinburgh
93%
Moscow
93%
Hamburg
92%
Munich
92%
Saint Petersburg
92%
Frankfurt
90%
Leeds
90%
Valencia
89%
Sevilla
88%
Turin
88%
Cardiff
87%
Florence
87%
Bilbao
83%
Palermo
82%
Dusseldorf
79%
Genoa
76%
Bristol
75%
Dresden
75%
Sheffield
75%
Stuttgart
75%
Koln
73%
Malaga
73%
Leipzig
72%
Nottingham
71%
Nuremberg
71%
Bologna
70%
Zaragoza
68%
Dortmund
67%
Bari
66%
Bremen
65%
Nizhny Novgorod
65%
Essen
64%
Leicester
62%
Yekaterinburg
62%
Volgograd
61%
Hannover
60%
Kazan
58%
Novosibirsk
57%
Bonn
54%
Rostov-on-Don
54%
Verona
52%
Catania
49%
Palma
49%
Ufa
49%
Cordoba
47%
Alicante
46%
Omsk
46%
A Coruna
45%
Kingston upon Hull
45%
Murcia
45%
Perm
43%
Samara
43%
Bielefeld
40%
Coventry
40%
Vigo
39%
Chelyabinsk
38%
Las Palmas de Gran Canaria
38%
Trieste
37%
Krasnodar
36%
Stoke-on-Trent
36%
Valladolid
35%
Duisburg
34%
Padua
33%
Messina
32%
Sunderland
32%
Modena
29%
Krasnoyarsk
28%
Wuppertal
28%
Bochum
27%
Reading
27%
Voronezh
27%
Brescia
25%
Gijon
25%
Saratov
25%
Taranto
20%
L'Hospitalet de Llobregat
15%
Livorno
15%
Preston
15%
Tolyatti
15%
Reggio Calabria
12%
Prato
10%
Ulyanovsk
10%
Newport
9%
Izhevsk
8%
Latina
6%
Birkenhead
5%
Carabanchel
1%
Eixample
1%
Wandsbek
0%
No matching quizzes found
Score Distribution
Percent of People with Each Score
Percentile by Number Answered
Your Score History
You have not taken this quiz since the last reset